Ukraine (Record no. 42857)
[ view plain ]
| 000 -LEADER | |
|---|---|
| fixed length control field | 00269nam a2200121Ia 4500 |
| 008 - FIXED-LENGTH DATA ELEMENTS--GENERAL INFORMATION | |
| fixed length control field | 241028s9999 xx 000 0 und d |
| 041 ## - LANGUAGE CODE | |
| Language code of text/sound track or separate title | eng |
| 082 ## - DEWEY DECIMAL CLASSIFICATION NUMBER | |
| Classification number | 954 EVA |
| 100 ## - MAIN ENTRY--PERSONAL NAME | |
| Personal name | Andrew Evans |
| 245 ## - TITLE STATEMENT | |
| Title | Ukraine |
| 260 ## - PUBLICATION, DISTRIBUTION, ETC. | |
| Name of publisher, distributor, etc. | Bradt |
| Place of publication, distribution, etc. | USA |
| Date of publication, distribution, etc. | 2010 |
| 300 ## - PHYSICAL DESCRIPTION | |
| Extent | 440;. P. 22 cm |
| Withdrawn status | Lost status | Damaged status | Not for loan | Home library | Current library | Shelving location | Date acquired | Cost, normal purchase price | Total Checkouts | Full call number | Barcode | Date last seen | Date last checked out | Cost, replacement price | Price effective from | Koha item type |
|---|---|---|---|---|---|---|---|---|---|---|---|---|---|---|---|---|
| IMTN | IMTN | Rack 41-B | 07/03/2024 | 1762.00 | 1 | 954 EVA | 33286 | 01/15/2025 | 01/08/2025 | 15.99 | 10/28/2024 | Books |